|
|
|
|
| LEADER |
00000cam a2200000 7i4500 |
| 001 |
0000007396 |
| 005 |
20230226093000.0 |
| 008 |
021119s2004 |
| 020 |
|
|
|a 3764368551
|
| 090 |
0 |
0 |
|a NK441
|b .I3 2004
|
| 245 |
0 |
0 |
|a iF design award 2004
|c [iF International Forum Design GmbH]
|
| 260 |
2 |
|
|a Basel, Switzerland :
|b Birkhauser ,
|c c2004
|
| 300 |
|
|
|a 672 p. :
|b col. ill. ;
|c 25 cm.
|
| 504 |
|
|
|a Includes index
|
| 650 |
|
0 |
|a Design, Industrial
|x Awards
|
| 650 |
|
0 |
|a Design, Industrial
|x History
|y 21st century
|x Catalogs
|
| 650 |
|
0 |
|a iF Design Award
|v Catalogs
|
| 710 |
2 |
|
|a iF International Forum Design GmbH
|
| 999 |
|
|
|a 1000105704
|b Book
|c OPEN SHELF (30 DAYS)
|e Gong Badak Campus
|